000
00286nam a2200097Ia 4500
082
_a
658. 802 DUPL
245
0
_a
Applied strategic marketing
100
_a
Du Plessis, P. J. Sandton [South Africa], 2005 2nd ed
_9
79073
942
_c
BK
008
210817s9999 xx 000 0 und d
999
_c
313291
_d
313289